000 00484nam a2200181Ia 4500
008 220531s9999 xx 000 0 und d
041 _amar
100 _aदेशमुख श्री.
_968287
245 _aकुळवाडीभूषण शिवराय
250 _a1ST
260 _aPune
_bHarmis
_c2013
300 _a132
542 _d08-01-2015
551 _aMarathi
_bUgc-MRA
650 _aHistory
_968288
906 _d2014-2015
_f4095
999 _c38375
_d38375